| Tag |
First Indicator |
Second Indicator |
Subfields |
| LEADER |
00000cam a2200000Li 4500 |
| 001 |
in00003492813 |
| 006 |
m o d |
| 007 |
cr |n| |
| 008 |
141113s2015 enk ob 001 0 eng d |
| 005 |
20250816205858.8 |
| 020 |
|
|
|a 131793329X (electronic bk.)
|
| 020 |
|
|
|a 9781317933298 (electronic bk.)
|
| 020 |
|
|
|z 9780415724340 (hardback)
|
| 020 |
|
|
|z 0415724341 (hardback)
|
| 020 |
|
|
|z 9780415724357 (paperback)
|
| 020 |
|
|
|z 041572435X (paperback)
|
| 035 |
|
|
|a (NhCcYBP)ebl1829364
|
| 040 |
|
|
|a NhCcYBP
|c NhCcYBP
|d UtOrBLW
|
| 050 |
|
4 |
|a JZ1251
|b .R34 2015
|
| 082 |
0 |
4 |
|a 327.1089
|2 23
|
| 084 |
|
|
|a POL000000
|a POL002000
|a POL010000
|2 bisacsh
|
| 245 |
0 |
0 |
|a Race and racism in international relations :
|b confronting the global colour line /
|c edited by Alexander Anievas, Nivi Manchanda and Robbie Shilliam.
|
| 264 |
|
1 |
|a Milton Park, Abingdon, Oxon ;
|a New York, NY :
|b Routledge,
|c 2015.
|
| 300 |
|
|
|a 1 online resource.
|
| 336 |
|
|
|a text
|b txt
|2 rdacontent
|
| 337 |
|
|
|a computer
|b c
|2 rdamedia
|
| 338 |
|
|
|a online resource
|b cr
|2 rdacarrier
|
| 490 |
0 |
|
|a Interventions
|
| 504 |
|
|
|a Includes bibliographical references and index.
|
| 505 |
0 |
|
|a Confronting the Global Colour Line : an Introduction / Alexander Anievas, Nivi Manchanda and Robbie Shilliam -- Hidden in Plain Sight : Racism in International Relations Theory / Errol Henderson -- Through, Against, and Beyond the Racial State : The Transnational Stratum of Race / Debra Thompson -- Good Governance and State Failure : the Pseudo-Science of Statesmen in Our Times / Branwen Gruffydd-Jones -- Re-Embedding the Global Colour Line within Post-1945 International Theory / John M. Hobson -- Against Race Taboos : The Global Colour Line in Philosophical Discourse / Srdjan Vucetic -- Colonial Violence : Race and Gender on the Sugar Plantations of British Guiana / Randolph B. Persaud -- A Postcolonial Racial/Spatial Order : Gandhi, Ambedkar and the Construction of the International / Sankaran Krishna -- The Cold War, American Anticommunism and the Global Colour Line / Richard Seymour -- Race, Racialisation and Rivalry in the International Legal Order / Robert Knox -- What Would It Mean to Transform International Relations? / David Roediger -- Unwriting and Unwhitening the World / Charles W. Mills.
|
| 588 |
|
|
|a Description based on print version record.
|
| 500 |
|
|
|a Electronic resource.
|
| 650 |
|
0 |
|a International relations
|x Social aspects.
|
| 650 |
|
0 |
|a Racism
|x Political aspects.
|
| 650 |
|
0 |
|a Race
|x Political aspects.
|
| 655 |
|
7 |
|a Electronic books.
|2 local
|
| 700 |
1 |
|
|a Anievas, Alexander,
|e editor.
|
| 700 |
1 |
|
|a Manchanda, Nivi,
|e editor.
|
| 700 |
1 |
|
|a Shilliam, Robbie,
|d 1969-
|e editor.
|
| 710 |
2 |
|
|a Ebook Library.
|
| 776 |
1 |
8 |
|c Original
|z 9780415724340
|z 0415724341
|z 9780415724357
|z 041572435X
|w (DLC) 2014017962
|
| 856 |
4 |
0 |
|u https://ebookcentral.proquest.com/lib/tamucs/detail.action?docID=1829364
|y Connect to the full text of this electronic book
|t 0
|
| 955 |
|
|
|a YBP purchased approval e-records
|
| 999 |
f |
f |
|s 8e2eebc1-280a-360d-8967-a1b9674bd832
|i 96b8cc50-064b-3c4a-a849-dee8e07de98b
|t 0
|
| 999 |
|
|
|a MARS
|
| 952 |
f |
f |
|a Texas A&M University
|b College Station
|c Electronic Resources
|d Available Online
|t 0
|e JZ1251 .R34 2015
|h Library of Congress classification
|
| 998 |
f |
f |
|a JZ1251 .R34 2015
|t 0
|l Available Online
|